000 00956nam a2200253Ia 4500
003 GCL
005 20240530095420.0
008 140319s9999 xx 000 0 ara d
020 _a4178009960
040 _aGCL /
_cGCL
082 0 4 _a419.4
_bس ن
100 1 _aالذييب ؛ سليمان بن عبدالرحمن
245 1 0 _aنقوش جبل جذايذ النبطية :
_bدراسة تحليلة /
_cالذييب ؛ سليمان بن عبدالرحمن
250 _aالاولى
260 _aالرياض :
_bمكتبة الملك فهد الوطنية ،
_c2002
300 _a333 ص ؛
_c24 سم
650 0 4 _aالكتابة العربية
650 0 4 _aالنقوش العربية
650 0 4 _aاللغة العربية - تاريخ - السعودية
650 0 4 _aاللغة العربية - السعودية
650 0 4 _aالانباط - تاريخ
650 0 4 _aجبل ام جذايذ ( السعودية)
942 _2ddc
_cBK
999 _c7026
_d7026